<?xml version="1.0" encoding="UTF-8"?>
<record
    xmlns:xsi="http://www.w3.org/2001/XMLSchema-instance"
    xsi:schemaLocation="http://www.loc.gov/MARC21/slim http://www.loc.gov/standards/marcxml/schema/MARC21slim.xsd"
    xmlns="http://www.loc.gov/MARC21/slim">

  <leader>01787nam a22002177a 4500</leader>
  <controlfield tag="005">20260129152524.0</controlfield>
  <controlfield tag="008">220921b           ||||| |||| 00| 0 eng d</controlfield>
  <datafield tag="020" ind1=" " ind2=" ">
    <subfield code="a">9781788165921</subfield>
  </datafield>
  <datafield tag="040" ind1=" " ind2=" ">
    <subfield code="c">AL</subfield>
  </datafield>
  <datafield tag="041" ind1=" " ind2=" ">
    <subfield code="a">English</subfield>
  </datafield>
  <datafield tag="082" ind1=" " ind2=" ">
    <subfield code="2">23</subfield>
    <subfield code="b">NATB</subfield>
    <subfield code="a">823.92</subfield>
  </datafield>
  <datafield tag="100" ind1=" " ind2=" ">
    <subfield code="a">Leonora Nattrass</subfield>
    <subfield code="9">253186</subfield>
  </datafield>
  <datafield tag="245" ind1=" " ind2=" ">
    <subfield code="a">Black Drop</subfield>
  </datafield>
  <datafield tag="260" ind1=" " ind2=" ">
    <subfield code="a">London</subfield>
    <subfield code="b">Viper,profile Books Ltd</subfield>
    <subfield code="c">2021</subfield>
  </datafield>
  <datafield tag="300" ind1=" " ind2=" ">
    <subfield code="a">337p</subfield>
    <subfield code="b">PB</subfield>
    <subfield code="c">23x15cm</subfield>
  </datafield>
  <datafield tag="365" ind1=" " ind2=" ">
    <subfield code="a">4157</subfield>
    <subfield code="b">&#x20B9;559.00</subfield>
    <subfield code="c">&#x20B9;</subfield>
    <subfield code="d">&#x20B9;699.00</subfield>
    <subfield code="e">20%</subfield>
    <subfield code="f">10-09-2022</subfield>
  </datafield>
  <datafield tag="520" ind1=" " ind2=" ">
    <subfield code="a">'Black Drop is a joy from start to finish... Jago is a very sympathetic hero, with all his flaws, virtues and secrets' - ANDREW TAYLOR
This is the confession of Laurence Jago. Clerk. Gentleman. Reluctant spy.
July 1794, and the streets of London are filled with rumours of revolution. Political radical Thomas Hardy is to go on trial for treason, the war against the French is not going in Britain's favour, and negotiations with the independent American colonies are on a knife edge.
Laurence Jago - clerk to the Foreign Office - is ever more reliant on the Black Drop to ease his nightmares. A highly sensitive letter has been leaked to the press, which may lead to the destruction of the British Army, and Laurence is a suspect. Then he discovers the body of a fellow clerk, supposedly a suicide.
Blame for the leak is shifted to the dead man, but even as the body is taken to the anatomists, Laurence is certain both of his friend's innocence, and that he was murdered. But after years of hiding his own secrets from his powerful employers, and at a time when even the slightest hint of treason can lead to the gallows, how can Laurence find the true culprit without incriminating himself?
</subfield>
  </datafield>
  <datafield tag="650" ind1=" " ind2=" ">
    <subfield code="a">English Fiction</subfield>
    <subfield code="9">58140</subfield>
  </datafield>
  <datafield tag="650" ind1=" " ind2=" ">
    <subfield code="a">English Literature</subfield>
    <subfield code="9">58141</subfield>
  </datafield>
  <datafield tag="942" ind1=" " ind2=" ">
    <subfield code="2">ddc</subfield>
    <subfield code="c">BK</subfield>
  </datafield>
  <datafield tag="999" ind1=" " ind2=" ">
    <subfield code="c">224632</subfield>
    <subfield code="d">224632</subfield>
  </datafield>
  <datafield tag="952" ind1=" " ind2=" ">
    <subfield code="0">0</subfield>
    <subfield code="1">0</subfield>
    <subfield code="2">ddc</subfield>
    <subfield code="4">0</subfield>
    <subfield code="7">0</subfield>
    <subfield code="8">GEN</subfield>
    <subfield code="a">AL</subfield>
    <subfield code="b">AL</subfield>
    <subfield code="d">2022-09-19</subfield>
    <subfield code="e">Biblios Book Point, Surathkal, Mangalore575014</subfield>
    <subfield code="g">559.00</subfield>
    <subfield code="l">0</subfield>
    <subfield code="o">823.92 NATB</subfield>
    <subfield code="p">076079</subfield>
    <subfield code="r">2022-09-21 00:00:00</subfield>
    <subfield code="v">699.00</subfield>
    <subfield code="w">2022-09-21</subfield>
    <subfield code="y">BK</subfield>
  </datafield>
</record>
